Nový cash flow přehled o peněžních tocích
Salvato in:
| Autore principale: | |
|---|---|
| Natura: | Libro |
| Lingua: | ceco |
| Pubblicazione: |
Olomouc
Reklamní agentura TWIN
1996
|
| Soggetti: | |
| Tags: |
Nessun Tag, puoi essere il primo ad aggiungerne!!
|
MARC
| LEADER | 00000nam a2200000 4500 | ||
|---|---|---|---|
| 001 | c123420 | ||
| 005 | 20221123124452.9 | ||
| 041 | 0 | |a cze | |
| 044 | |a CZ | ||
| 245 | 1 | 0 | |a Nový cash flow |b přehled o peněžních tocích |c Naděžda Klainová |
| 264 | 1 | |a Olomouc |b Reklamní agentura TWIN |c 1996 | |
| 300 | |a 123 s. | ||
| 610 | 2 | 0 | |a cash flow |
| 610 | 2 | 0 | |a evidencia analytická |
| 610 | 2 | 0 | |a spracovanie dát automatické |
| 610 | 2 | 0 | |a závierka účtovná |
| 610 | 2 | 0 | |a opatrenia |
| 610 | 2 | 0 | |a účtovníctvo |
| 610 | 2 | 0 | |a účtovníctvo finančné |
| 610 | 2 | 0 | |a Česko |
| 610 | 2 | 0 | |a peniaze |
| 100 | 1 | |a Klainová, Naděžda | |